000 01087nam a2200373 a 4500
003 AR-BaBNM
005 20251128210627.0
008 082120s2002 ||||||||||||||000 | spa||
020 _a84-7432-633-8
040 _cAR-BaBNM
100 1 _aDelacôte, Goëry
245 0 0 _aEnseñar y aprender con nuevos métodos
_bla revolución cultural de la era electrónica
250 _a1ª ed.
260 _aBarcelona
_bGedisa
_c1997
300 _a251 p.
_bgráfs., tablas
490 0 _aDebate socioeducativo
_vv. 1
500 _aContiene referencias bibliográficas
650 4 _aPROCESO DE APRENDIZAJE
650 4 _aREDES DE INFORMACION
650 4 _aTECNOLOGIA EDUCATIVA
650 4 _aMUSEOS ESCOLARES
650 4 _aACTIVIDADES DE LOS MUSEOS
650 4 _aROL DEL DOCENTE
650 4 _aINTELIGENCIA
650 4 _aPROCESO COGNOSCITIVO
653 _aMULTIMEDIA
653 _aINTERNET
653 _aEXPERIENCIAS EDUCATIVAS
653 _aESTRATEGIAS DIDACTICAS
653 _aCOGNITIVISMO
800 1 _aTedesco, Juan Carlos
_edirector
942 _cBK
998 _cRAQUEL
999 _c16240
_d16240